| 000 | 00820nam a22002057a 4500 | ||
|---|---|---|---|
| 999 |
_c17298 _d17298 |
||
| 003 | AR-CdUCM | ||
| 008 | 190508b ||||| |||| 00| 0 spa d | ||
| 040 |
_aMUNICIPALIDAD PROVINCIAL DEL CUSCO _cBIBLIOTECA MUNICIPAL DEL CUSCO |
||
| 082 |
_a108 / _bST84 _24 ed. |
||
| 100 |
_aStuart Mill, John. _937222 |
||
| 245 | _aSobre la libertad / | ||
| 260 |
_aArgentina : _bAguilar, _c1964. |
||
| 300 |
_a215 páginas ; _c16 cm. |
||
| 505 | _aContenido :Sobre la libertad -- D e la libertad de pensamiento y de discusión -- De la individualidad como uso de los elementos de bienestar -- De los limites de la autoridad de la sociedad sobre el individuo ... | ||
| 650 |
_aLibertad. _92892 |
||
| 650 |
_aBienestar. _96502 |
||
| 700 |
_aSainz Pulido, Josefa (traductor) _937223 |
||
| 942 |
_2ddc _cLIBROS |
||
| 945 |
_arum _d2019-05-08 |
||